Statistics for Serie A Teams: 2020/2021

Click here to take the quiz!

General Stats

  • This quiz has been taken 21 times
  • The average score is 16 of 20

Answer Stats

Team% Correct
A.C. Milan
100%
Inter Milan
100%
Lazio
100%
A.S. Roma
95%
Juventus
95%
Napoli
95%
Torino
95%
Atalanta
90%
Genoa
90%
Sampdoria
90%
Fiorentina
85%
Bologna
75%
Hellas Verona
75%
Udinese
75%
Benevento
65%
Cagliari
65%
Parma
65%
Sassuolo
65%
Spezia
60%
Crotone
55%

Score Distribution

Percentile by Number Answered

Percent of People with Each Score

Your Score History

You have not taken this quiz